[Event "Brno Open FIDE"]
[Site "?"]
[Date "2016.08.24"]
[Round "5"]
[White "Spodny, Josef"]
[Black "Dambrauskas, Virginijus"]
[Result "0-1"]
[WhiteElo "1929"]
[BlackElo "2243"]
[PlyCount "220"]
[EventDate "2016.08.??"]

1. d4 Nf6 2. Nf3 c5 3. e3 Qc7 4. b3 e6 5. Bd3 a6 6. O-O d5 7. Nbd2 Nc6 8. a3
cxd4 9. exd4 Bd6 10. Bb2 O-O 11. Re1 b5 12. Ne5 Ne7 13. Re3 Ng6 14. Nxg6 hxg6
15. g3 Bb7 16. Qe2 Rfe8 17. Rc1 Qb6 18. b4 Qc7 19. Nb3 Rad8 20. Nc5 Bc8 21. Re1
Re7 22. f4 Rde8 23. Rf1 Nd7 24. Qe1 Nb6 25. Ref3 Nc4 26. Bc1 g5 27. Qf2 g4 28.
Re3 Nxe3 29. Bxe3 f5 30. Bd2 Kf7 31. Nb3 Rh8 32. Qe2 Rh3 33. Rf2 Re8 34. Qe1
Reh8 35. Bf1 R3h6 36. Bd3 Qe7 37. Nc5 Qf6 38. c3 Rh3 39. Bf1 R3h5 40. Qe2 Qd8
41. Nd3 g6 42. Ne5+ Kg7 43. Nd3 Qc7 44. Nc5 Kf7 45. Qe1 Re8 46. Nd3 Re7 47.
Ne5+ Kg7 48. Bd3 Bb7 49. Bf1 Rh8 50. Nd3 Kf6 51. Nc5 Bc8 52. Nd3 Qb6 53. Nc5
Ra7 54. Re2 Re8 55. Nb3 Ree7 56. Rf2 Qd8 57. Na5 Bd7 58. Nb3 Qb8 59. Re2 Bc7
60. Nc5 Bb6 61. Bc1 Kf7 62. Bg2 Qe8 63. Re5 Bc7 64. Re2 Bd6 65. Nd3 Bc8 66. Nc5
Qh8 67. Nb3 Rac7 68. Nc5 Qg7 69. Qf2 Bb7 70. Qe1 Qf8 71. Qf2 a5 72. Bd2 Ba8 73.
Nb3 axb4 74. axb4 Ra7 75. Bc1 Rec7 76. Bd2 Ra3 77. Nc5 Re7 78. Be1 Bc6 79. Ra2
Raa7 80. Re2 Qh8 81. Qe3 Qc8 82. Nd3 Ra1 83. Kf2 Kf6 84. Nc5 Qa8 85. Nb3 Ra2
86. Na5 Rxe2+ 87. Qxe2 Bd7 88. Bd2 Rh7 89. Kg1 Bc7 90. Bf1 Qa6 91. Bc1 Rh8 92.
Ba3 Ra8 93. Qe1 Kf7 94. Qe3 Ra7 95. Qe2 Qd6 96. Qb2 Qf8 97. Qc1 Qe7 98. Kh1 Qd8
99. Qe3 Qb8 100. Kg1 Bxa5 101. bxa5 Rxa5 102. Bb4 Ra2 103. Qe1 Qc7 104. Qb1 Ra4
105. Bc5 Ra6 106. Qe1 Qb8 107. Bg2 b4 108. cxb4 Bb5 109. Bxd5 exd5 110. Qe7+
Kg8 0-1

[Event "Brno Open FIDE"]
[Site "?"]
[Date "2016.08.24"]
[Round "5"]
[White "Dvorak, Adam"]
[Black "Snorek, Milan"]
[Result "1/2-1/2"]
[WhiteElo "2211"]
[BlackElo "2012"]
[PlyCount "35"]
[EventDate "2016.08.??"]

1. e3 d5 2. h3 Nf6 3. Nf3 e6 4. d4 c5 5. Nbd2 Nc6 6. c3 Bd6 {(R)} 7. Qc2 Bd7 8.
Be2 Rc8 9. O-O O-O 10. a3 a6 11. Rd1 b5 12. Qb1 Qb6 13. b4 cxd4 14. cxd4 Rfd8
15. Nb3 {(R)} Ne4 16. Bd2 Nxd2 17. Rxd2 Be8 18. Qb2 1/2-1/2

[Event "Brno Open FIDE"]
[Site "?"]
[Date "2016.08.24"]
[Round "5"]
[White "Skacelik, Petr"]
[Black "Marko, Daniel"]
[Result "1-0"]
[WhiteElo "2157"]
[BlackElo "1955"]
[PlyCount "95"]
[EventDate "2016.08.??"]

1. d4 Nf6 2. c4 c5 3. d5 e6 4. Nc3 exd5 5. cxd5 d6 6. e4 g6 7. Nf3 Bg7 8. h3
O-O 9. Bd3 b5 10. Nxb5 Re8 11. Bg5 Qb6 12. Bxf6 Bxf6 13. O-O Na6 14. Na3 Nb4
15. Nc4 Qc7 16. Bb1 Ba6 17. Nfd2 Bb5 18. a3 Na6 19. Bd3 Rab8 20. Rb1 Qd7 21.
Qc2 Nc7 22. f4 a5 23. Kh1 a4 24. Rf3 Bd4 25. Na5 Bxd3 26. Rxd3 Ra8 27. Nc6 Bg7
28. Qc4 Kh8 29. Nf3 Ra6 30. Rbd1 Bxb2 31. e5 Rb6 32. exd6 Qxd6 33. Nfe5 Kg7 34.
Qc2 Bxe5 35. Nxe5 Ra6 36. Qf2 Qf6 37. Ng4 Qd6 38. Ne5 Qf6 39. Nc4 Re4 40. Qxc5
Qxf4 41. Rd4 Rxd4 42. Qxd4+ Qxd4 43. Rxd4 Nb5 44. Rd3 Nd6 45. Nd2 Kf6 46. Kg1
Ke5 47. Kf1 Ra5 48. Nf3+ 1-0

[Event "Brno Open FIDE"]
[Site "?"]
[Date "2016.08.24"]
[Round "5"]
[White "Meszaros, Ludek"]
[Black "Licka, Vlastimil"]
[Result "1-0"]
[WhiteElo "2128"]
[BlackElo "1944"]
[PlyCount "71"]
[EventDate "2016.08.??"]

1. e4 c5 2. Nf3 d6 3. d4 cxd4 4. Nxd4 Nf6 5. Nc3 a6 6. f4 e5 7. Nf3 Qc7 8. Bd3
Be7 9. a4 b6 10. O-O Bb7 11. Qe2 Nbd7 12. Bd2 O-O 13. Nh4 Rfe8 14. Nf5 Bf8 15.
fxe5 Nxe5 16. Bg5 Nfd7 17. Rae1 Ng6 18. Qf2 Nde5 19. Qg3 Qc5+ 20. Kh1 Qb4 21.
Bc1 Rac8 22. h4 f6 23. h5 Nxd3 24. cxd3 Ne5 25. h6 g6 26. Ne3 Nd7 27. Ned5 Bxd5
28. Nxd5 Qd4 29. Qf3 Re5 30. g4 Be7 31. Bf4 Rxd5 32. exd5 Ne5 33. Bxe5 dxe5 34.
Qe4 Qxb2 35. d6 Bd8 36. Qb7 1-0

[Event "Brno Open FIDE"]
[Site "?"]
[Date "2016.08.24"]
[Round "5"]
[White "Fojtik, Tomas"]
[Black "Straka, Vojtech"]
[Result "1-0"]
[WhiteElo "2061"]
[BlackElo "1917"]
[PlyCount "73"]
[EventDate "2016.08.??"]

1. d4 d5 2. Nf3 Nf6 3. g3 e6 4. Bg2 c6 5. O-O Be7 6. c4 O-O 7. Qc2 Nbd7 8. Rd1
Re8 9. b3 b6 10. Bb2 Bb7 11. Nbd2 Rc8 12. e4 Nxe4 13. Nxe4 dxe4 14. Qxe4 Qc7
15. Rac1 Ba8 16. Qd3 Rcd8 17. Qc2 c5 18. dxc5 Nxc5 19. Be5 Bd6 {(R)} 20. Bxd6
Rxd6 21. Rxd6 Qxd6 22. Rd1 Qc7 23. Ng5 g6 24. Bxa8 Rxa8 25. b4 Nd7 26. Ne4 Kf8
27. Qc3 e5 28. Ng5 h6 29. Qf3 hxg5 30. Qxa8+ Ke7 31. Qd5 Nf6 32. Qd3 g4 33. Qe3
Ke6 34. c5 bxc5 35. bxc5 Nd5 36. Qa3 f5 37. Qa6+ 1-0

[Event "Brno Open FIDE"]
[Site "?"]
[Date "2016.08.24"]
[Round "5"]
[White "Popper, Tomas"]
[Black "Marsa, Alexandr"]
[Result "1-0"]
[WhiteElo "2043"]
[BlackElo "1000"]
[PlyCount "55"]
[EventDate "2016.08.??"]

1. b4 e6 2. Bb2 Nf6 3. a3 b6 4. Nf3 Bb7 5. e3 d5 6. d4 Be7 7. Nbd2 O-O 8. c4 c5
9. dxc5 bxc5 10. b5 Nbd7 11. a4 a6 12. Be2 dxc4 13. Nxc4 Qc7 14. O-O Rfd8 15.
Qc1 axb5 16. axb5 Bd5 17. Nfe5 Nxe5 18. Nxe5 Bd6 19. f4 Qb7 20. Rxa8 Rxa8 21.
Rd1 Bxe5 22. fxe5 Ne8 23. Qxc5 Bxg2 24. Ba3 Nc7 25. Rd7 Bh3 26. Qc6 Qa7 27. Bc5
Qa1+ 28. Rd1 1-0

[Event "Brno Open FIDE"]
[Site "?"]
[Date "2016.08.24"]
[Round "5"]
[White "Macurek, Miloslav"]
[Black "Krejci, Petr"]
[Result "0-1"]
[WhiteElo "1688"]
[BlackElo "2007"]
[PlyCount "113"]
[EventDate "2016.08.??"]

1. e4 d5 2. exd5 Qxd5 3. Nc3 Qa5 4. Bc4 Nf6 5. d3 c6 6. Bd2 Qc7 7. Qe2 Bg4 8.
f3 Bc8 9. g4 h6 10. Ne4 Nbd7 11. d4 Nd5 12. Nh3 N7f6 13. Nxf6+ gxf6 14. Bxd5
cxd5 15. Qb5+ Qc6 16. Qxc6+ bxc6 17. Bb4 h5 18. Nf2 a5 19. Bc5 Bh6 20. h3 Rb8
21. b3 Bf4 22. Nd3 Bc7 23. Kd2 Ba6 24. Rae1 e6 25. a4 Kd7 26. Ba3 Bxd3 27. Kxd3
e5 28. Bc5 Ke6 29. Ba3 Rh7 30. Rhf1 hxg4 31. hxg4 Rh3 32. Bb2 Rg8 33. Kd2 Rg3
34. Re2 Rh8 35. Rff2 Rhh3 36. Re3 Bb6 37. c4 Bc7 38. Ke2 f5 39. gxf5+ Kxf5 40.
Bc1 f6 41. Rc3 exd4 42. Rd3 c5 43. Ba3 Bd6 44. Rxd4 cxd4 45. Bxd6 Rg1 46. cxd5
Rb1 47. Bc7 Rxb3 48. d6 Ke6 49. Bxa5 Ra3 50. Bc7 Rxa4 51. Kd3 Kd7 52. Ke4 Rh5
53. f4 Rb5 54. f5 Re5+ 55. Kd3 Re3+ 56. Kd2 Ra2+ 57. Kd1 0-1

[Event "Brno Open FIDE"]
[Site "?"]
[Date "2016.08.24"]
[Round "5"]
[White "Stanek, Stanislav"]
[Black "Martisek, Karel"]
[Result "1-0"]
[WhiteElo "1999"]
[BlackElo "1821"]
[PlyCount "131"]
[EventDate "2016.08.??"]

1. Nc3 f5 2. e4 e6 3. e5 d5 4. d4 c5 5. Bb5+ Bd7 6. Bxd7+ Nxd7 7. Be3 Be7 8.
Nge2 Bg5 9. f4 Be7 10. dxc5 Nxc5 11. Bd4 Nh6 12. O-O b6 13. Kh1 Qd7 14. a4 Ng4
15. h3 Nh6 16. a5 b5 17. a6 O-O 18. Rf3 b4 19. Bxc5 Bxc5 20. Na4 Rfc8 21. b3
Qe7 22. Qd3 Rab8 23. Rc1 Bb6 24. c3 Qh4 25. Nxb6 Rxb6 26. Ng1 Rbc6 27. Qd4 Rxc3
28. Rfxc3 Rxc3 29. Rxc3 bxc3 30. Qxc3 Qe7 31. Qc8+ Kf7 32. Qb7 Ng8 33. Nf3 h6
34. Nd4 Kg6 35. Qxe7 Nxe7 36. Nxe6 Nc6 37. g3 Kf7 38. Nc5 Ke7 39. Kg2 g5 40.
Kf2 gxf4 41. gxf4 Nb4 42. Ke3 h5 43. Kd4 h4 44. Kc3 Nc6 45. b4 Kd8 46. b5 Na5
47. b6 Nc6 48. bxa7 Nxa7 49. Ne6+ Kd7 50. Ng7 Kc6 51. Nxf5 Nb5+ 52. Kd3 Nc7 53.
a7 Kb7 54. Nxh4 Kxa7 55. Ng6 Kb6 56. Kd4 Kc6 57. Ne7+ Kd7 58. Nxd5 Ne6+ 59. Ke3
Ke8 60. f5 Ng7 61. Ke4 Nh5 62. e6 Ng7 63. Ke5 Kf8 64. h4 Nh5 65. e7+ Ke8 66.
Nf6+ 1-0

[Event "Brno Open FIDE"]
[Site "?"]
[Date "2016.08.24"]
[Round "5"]
[White "Janous, Petr"]
[Black "Zeman, Radek"]
[Result "0-1"]
[WhiteElo "1918"]
[BlackElo "1977"]
[PlyCount "92"]
[EventDate "2016.08.??"]

1. e4 c5 2. c3 d5 3. exd5 Qxd5 4. d4 g6 5. dxc5 Qxc5 6. Be3 Qc7 7. Nf3 Nf6 8.
Bb5+ Bd7 9. Bxd7+ Nbxd7 10. O-O Bg7 11. Na3 a6 12. Qc1 Ng4 13. h3 Nxe3 14. Qxe3
e6 15. Nc2 Nf6 16. Qe2 O-O 17. a4 Rfd8 18. Ne3 Nd5 19. Nxd5 Rxd5 20. Rfd1 Rad8
21. Rxd5 Rxd5 22. Rd1 Qd7 23. Rxd5 Qxd5 24. Qc2 Kf8 25. b3 Ke7 26. c4 Qd6 27.
Kf1 b6 28. Ke2 f5 29. Qd2 e5 30. Qc3 Bf6 31. Qd2 e4 32. Qxd6+ Kxd6 33. Ne1 Ke5
34. Nc2 a5 35. g3 Be7 36. Ke3 Bc5+ 37. Ke2 g5 38. f3 exf3+ 39. Kxf3 h5 40. Ke2
Ke4 41. Ne1 Kd4 42. Nf3+ Kc3 43. Nxg5 Kxb3 44. Kd3 Kxa4 45. Ne6 Kb3 46. Nf4 a4
0-1

[Event "Brno Open FIDE"]
[Site "?"]
[Date "2016.08.24"]
[Round "5"]
[White "Kosina, Vladimir"]
[Black "Stehlik, Jiri"]
[Result "1/2-1/2"]
[WhiteElo "1704"]
[BlackElo "1968"]
[PlyCount "93"]
[EventDate "2016.08.??"]

1. e4 d6 2. d4 Nf6 3. Nf3 Nxe4 4. Bd3 Nf6 5. O-O g6 6. Re1 Bg7 7. c4 O-O 8. Nc3
Bg4 9. h3 Bxf3 10. Qxf3 Nc6 11. Ne2 Nd7 12. Be3 e5 13. d5 Nb4 14. Bc1 Nxd3 15.
Qxd3 f5 16. Qb3 Nc5 17. Qc2 a5 18. Be3 b6 19. Rad1 Qd7 20. Nc3 Kh8 21. b3 Bf6
22. Nb5 g5 23. Bxc5 bxc5 24. a4 Rg8 25. Kh2 g4 26. h4 Bxh4 27. g3 Bg5 28. Rh1
Rg6 29. Kg2 Kg7 30. Rh5 h6 31. Rdh1 Qf7 32. Qe2 Qd7 33. Qb2 Rf6 34. Qc2 Qe7 35.
Qd3 Rf7 36. Qb1 Qf6 37. Qd1 Re7 38. Re1 Qg6 39. Rhh1 Kg8 40. Qe2 h5 41. Qc2 Kg7
42. Qc3 Kg8 43. Qc2 {(R)} Bf6 44. Rh2 Qg5 45. Reh1 Rh7 46. Nxc7 Rxc7 47. Rxh5 {
(R)} 1/2-1/2

[Event "Brno Open FIDE"]
[Site "?"]
[Date "2016.08.24"]
[Round "5"]
[White "Habina, Martin"]
[Black "Blazek, Pavel"]
[Result "1-0"]
[WhiteElo "1991"]
[BlackElo "1755"]
[PlyCount "125"]
[EventDate "2016.08.??"]

1. d4 d5 2. c4 e6 3. Nc3 Nf6 4. Bg5 Nbd7 5. e3 c6 6. cxd5 exd5 7. Bd3 Be7 8.
Nf3 O-O 9. Qc2 Re8 10. O-O Nf8 11. Bxf6 Bxf6 12. b4 g6 13. b5 Ne6 14. bxc6 bxc6
15. Na4 Qd6 16. Rfc1 Bd7 17. Rab1 Rab8 18. Nd2 Rxb1 19. Rxb1 Rb8 20. Nb3 Ng7
21. Nac5 Bf5 22. Rc1 Bxd3 23. Qxd3 Rb5 24. Qc3 Bd8 25. Nd3 Rb6 26. Ne5 Bc7 27.
g3 Ne6 28. Nxc6 Ra6 29. Rc2 Ra4 30. Ne5 f6 31. Nd3 Rc4 32. Qb2 Ng5 33. Nd2 Rxc2
34. Qxc2 Kf7 35. Qc5 Qxc5 36. Nxc5 Ke7 37. h4 Ne6 38. Ndb3 Bb6 39. Nxe6 Kxe6
40. f3 f5 41. Kf2 Kd6 42. Ke2 Kc6 43. a4 Kd6 44. Kd3 Ke6 45. e4 fxe4+ 46. fxe4
Kd6 47. Ke3 Ke6 48. Kf4 Bc7+ 49. e5 h6 50. Nc5+ Ke7 51. g4 Ba5 52. Nb3 Bc3 53.
h5 gxh5 54. gxh5 Ke6 55. Nc5+ Ke7 56. Ke3 Bb2 57. Nd3 Ba3 58. Nf4 Bc1+ 59. Kf3
Bxf4 60. Kxf4 Ke6 61. Kg4 Ke7 62. Kf5 Kf7 63. e6+ 1-0

[Event "Brno Open FIDE"]
[Site "?"]
[Date "2016.08.24"]
[Round "5"]
[White "Haupt, Jaromir"]
[Black "Zuziak, Petr"]
[Result "1-0"]
[WhiteElo "1740"]
[BlackElo "1909"]
[PlyCount "85"]
[EventDate "2016.08.??"]

1. d3 d5 2. g3 Nf6 3. Bg2 c5 4. Nf3 e6 5. O-O Be7 6. Nbd2 O-O 7. e3 Nc6 8. b3
Qc7 9. Bb2 b5 10. a4 b4 11. Qe2 Ba6 12. e4 Rac8 13. Rfe1 dxe4 14. Nxe4 Nd5 15.
Neg5 Qd7 16. Bh3 Nc7 17. Qe4 f5 18. Qe2 Bxg5 19. Nxg5 Rce8 20. Qh5 g6 21. Qh6
Nd4 22. Bxd4 cxd4 23. Bg2 Qg7 24. Qxg7+ Kxg7 25. Nf3 Rd8 26. Ne5 Rd6 27. Nc6
Bc8 28. Nxb4 Bd7 29. Re5 Rb8 30. Na2 Na6 31. Ra5 Rbb6 32. Re1 Bc6 33. b4 Bxg2
34. Kxg2 Nxb4 35. Nxb4 Rxb4 36. Rxa7+ Kf6 37. a5 g5 38. Ra1 Rb8 39. a6 Rbb6 40.
Ra8 Ke7 41. a7 Ra6 42. Rxa6 Rxa6 43. Rh8 1-0

[Event "Brno Open FIDE"]
[Site "?"]
[Date "2016.08.24"]
[Round "5"]
[White "Von Keyserlingk, Chanda"]
[Black "Hrdlicka, Vladan"]
[Result "0-1"]
[WhiteElo "1794"]
[BlackElo "1783"]
[PlyCount "104"]
[EventDate "2016.08.??"]

1. d4 Nf6 2. c4 c5 3. d5 b5 4. Qc2 d6 5. e4 bxc4 6. Bxc4 g6 7. Nf3 Nbd7 8. O-O
Bg7 9. Nc3 O-O 10. b3 Qa5 11. Bb2 Rb8 12. Na4 Ba6 13. Bc3 Rb4 14. a3 Rxc4 15.
bxc4 Qc7 16. Nd2 Bh6 17. Rfe1 Ng4 18. Rab1 e5 19. h3 Ngf6 20. Rb3 Nh5 21. Nb2
Qd8 22. Nf3 f5 23. Bd2 Bxd2 24. Qxd2 f4 25. Qd1 Ng7 26. Nd2 h5 27. Nd3 Qf6 28.
Qc2 g5 29. Rf1 g4 30. Ne1 Qg5 31. Kh2 Nf6 32. g3 h4 33. gxf4 Qxf4+ 34. Kh1 Nfh5
35. Ng2 Qg5 36. hxg4 Nf4 37. Qd1 Nxg2 38. Kxg2 Rf4 39. Kh3 Bc8 40. Rg1 Rxf2 41.
Nf3 Qf4 42. Qe1 Rxf3+ 43. Rxf3 Qxf3+ 44. Kxh4 Qf6+ 45. Kg3 Qf4+ 46. Kh4 Qh2+
47. Kg5 Ne8 48. Qd1 Kg7 49. Rh1 Qf4+ 50. Kh4 Nf6 51. Qg1 Nxe4 52. Rh2 Qh6# 0-1

[Event "Brno Open FIDE"]
[Site "?"]
[Date "2016.08.24"]
[Round "5"]
[White "Hruza, Dominik"]
[Black "Fryda, Dominik"]
[Result "1/2-1/2"]
[WhiteElo "1772"]
[BlackElo "1640"]
[PlyCount "40"]
[EventDate "2016.08.??"]

1. d4 Nf6 2. c4 e6 3. Nf3 d5 4. Nc3 Bb4 5. Qa4+ Nc6 6. e3 O-O 7. Bd2 Re8 8. Qc2
a6 9. a3 Bd6 10. h3 Bd7 11. cxd5 exd5 12. Bd3 Na7 13. Qb3 c6 14. Qxb7 Nb5 15.
Nxb5 axb5 16. Ne5 Rb8 17. Qa7 Ra8 18. Qb7 Rb8 19. Qa6 Ra8 20. Qb7 Rb8 1/2-1/2

[Event "Brno Open FIDE"]
[Site "?"]
[Date "2016.08.24"]
[Round "5"]
[White "Mencik, Pavel"]
[Black "Koci, Milos"]
[Result "1-0"]
[WhiteElo "1893"]
[BlackElo "1251"]
[PlyCount "55"]
[EventDate "2016.08.??"]

1. e4 c5 2. Nf3 e6 3. c3 a6 4. d4 cxd4 5. cxd4 d6 6. Bd3 Nf6 7. Nc3 Nbd7 8. O-O
Be7 9. Bf4 O-O 10. Qc2 Nh5 11. Be3 Re8 12. h3 b6 13. g4 Nhf6 14. e5 Nxg4 15.
hxg4 Nf8 16. Nh2 Bg5 17. Ne4 Bxe3 18. fxe3 Ng6 19. Nxd6 Rf8 20. Qf2 Ra7 21.
Rac1 Qd7 22. Nf3 h6 23. g5 h5 24. Nd2 Bb7 25. Bxg6 Qe7 26. Bxf7+ Kh8 27. Qh4 g6
28. Bxg6 1-0

[Event "Brno Open FIDE"]
[Site "?"]
[Date "2016.08.24"]
[Round "5"]
[White "Zejda, Karel"]
[Black "Koci, Tomas"]
[Result "1-0"]
[WhiteElo "1772"]
[BlackElo "1569"]
[PlyCount "83"]
[EventDate "2016.08.??"]

1. d4 f5 2. Nf3 g6 3. h3 Nf6 4. g3 Bg7 5. Bg2 O-O 6. c3 d6 7. O-O c6 8. Nbd2
Na6 9. Re1 Kh8 10. Nf1 Qe8 11. Bd2 e5 12. Qc1 Ng8 13. e4 fxe4 14. Rxe4 d5 15.
Re2 e4 16. N3h2 Be6 17. f3 exf3 18. Nxf3 Qd7 19. Kh2 h6 20. Ne5 Bxe5 21. Rxe5
g5 22. Qe1 Rf6 23. Qe2 Raf8 24. Qh5 Bf7 25. Qe2 Be6 26. Re1 Rf2 27. Qh5 Bf7 28.
Qd1 Bg6 29. R1e2 Be4 30. Rxf2 Rxf2 31. Ne3 Qf7 32. Rxe4 dxe4 33. Ng4 Rxg2+ 34.
Kxg2 c5 35. Ne5 Qxa2 36. Bc1 Qd5 37. Be3 Ne7 38. Qh5 Nf5 39. Bxg5 e3+ 40. Kh2
e2 41. Bf6+ Kg8 42. Qe8+ 1-0

[Event "Brno Open FIDE"]
[Site "?"]
[Date "2016.08.24"]
[Round "5"]
[White "Brda, Vlastimil"]
[Black "Prokop, Jiri"]
[Result "0-1"]
[WhiteElo "1246"]
[BlackElo "1695"]
[PlyCount "116"]
[EventDate "2016.08.??"]

1. e4 d6 2. d4 Nf6 3. Nc3 g6 4. Be2 Bg7 5. Be3 O-O 6. Nf3 c6 7. Ng5 e6 8. Nh3
b5 9. Qd2 Qc7 10. Bf3 Bb7 11. b4 a6 12. O-O Nbd7 13. Ne2 Nb6 14. Bg5 Nc4 15.
Qf4 Ne8 16. Bh6 e5 17. Qh4 Bxh6 18. Qxh6 f6 19. a4 Qg7 20. Qc1 Nc7 21. a5 exd4
22. Nxd4 c5 23. bxc5 dxc5 24. Ne2 Ne6 25. Ng3 Ne5 26. Ra3 Rfd8 27. Qa1 Nd4 28.
Nf4 Qe7 29. Bd1 Kf8 30. Nd3 Nc4 31. Rc3 Qc7 32. Qa2 Rac8 33. Nb2 Nxb2 34. Qxb2
Qxa5 35. Re3 Qb6 36. c3 Ne6 37. Bf3 c4 38. Bg4 Rc7 39. Rf3 Ng5 40. Rf4 Kg7 41.
Be2 Qe6 42. Bg4 Qe5 43. Qc1 Ne6 44. Bxe6 Qxe6 45. Re1 Rd3 46. Rh4 Rcd7 47. f3
Qb6+ 48. Kh1 Rd2 49. Nf1 Qf2 50. Rg4 h5 51. Rg3 Rc2 52. Qf4 Qxe1 53. h4 Qxf1+
54. Kh2 Qe2 55. Qf5 Qxg2+ 56. Rxg2 Rxg2+ 57. Kxg2 gxf5 58. exf5 Rd3 0-1

[Event "Brno Open FIDE"]
[Site "?"]
[Date "2016.08.24"]
[Round "5"]
[White "Habinova, Alice"]
[Black "Koci, Tereza"]
[Result "0-1"]
[WhiteElo "1212"]
[BlackElo "1717"]
[PlyCount "94"]
[EventDate "2016.08.??"]

1. e4 c5 2. d4 cxd4 3. c3 e6 4. cxd4 d5 5. exd5 Qxd5 6. Nc3 Bb4 7. Qa4+ Nc6 8.
a3 Bxc3+ 9. bxc3 Bd7 10. Nf3 Qe4+ 11. Be3 Ne5 12. Ng5 Qf5 13. Bb5 Nd3+ 14. Bxd3
Qxd3 15. Qb3 Bb5 16. Ra2 Rc8 17. Rc2 Nf6 18. h3 Nd5 19. Ne4 Nxe3 20. fxe3 Qxe3+
21. Kd1 Qxe4 22. Qxb5+ Qc6 23. Qxc6+ Rxc6 24. Re1 Ke7 25. d5 Rd8 26. c4 Kf6 27.
Kc1 exd5 28. Rd1 Rdc8 29. Rf1+ Kg6 30. Rf3 Rxc4 31. Rg3+ Kh6 32. Rxc4 dxc4 33.
Rc3 b5 34. Kd2 Rd8+ 35. Ke3 Rd3+ 36. Rxd3 cxd3 37. Kxd3 Kg5 38. Ke3 Kf5 39. g3
Ke5 40. Kd3 Kd5 41. h4 h5 42. Kc3 a5 43. Kd3 b4 44. a4 f6 45. Ke3 g5 46. hxg5
fxg5 47. Kd3 h4 0-1

[Event "Brno Open FIDE"]
[Site "?"]
[Date "2016.08.24"]
[Round "5"]
[White "Zikan, Karel"]
[Black "Veznik, Michael"]
[Result "1/2-1/2"]
[WhiteElo "1725"]
[BlackElo "1817"]
[PlyCount "71"]
[EventDate "2016.08.??"]

1. Nf3 b5 2. g3 Bb7 3. Bg2 e5 4. d3 f5 5. Bg5 Be7 6. Bxe7 Qxe7 7. O-O Nh6 8.
Nbd2 O-O 9. c4 b4 10. a3 Na6 11. axb4 Nxb4 12. Qb3 c5 13. Ne1 Bxg2 14. Nxg2 Ng4
15. f3 Nf6 16. Ra4 Rfb8 17. Qc3 d6 18. Kf2 Rb7 19. Ne3 Qd7 20. b3 Re8 21. Nc2
Nc6 22. e4 Nd4 23. Nxd4 exd4 24. Qc2 fxe4 25. Nxe4 Nxe4+ 26. fxe4 Rf8+ 27. Kg2
Rxf1 28. Kxf1 Qh3+ 29. Kg1 h5 30. Ra6 h4 31. gxh4 Rf7 32. Qe2 Qxh4 33. Ra1 Qg5+
34. Kh1 Qf4 35. Kg1 Qg5+ 36. Kh1 1/2-1/2

[Event "Brno Open FIDE"]
[Site "?"]
[Date "2016.08.25"]
[Round "6"]
[White "Strebkovs, Andrejs"]
[Black "Vyskocil, Neklan"]
[Result "1/2-1/2"]
[WhiteElo "2285"]
[BlackElo "2318"]
[PlyCount "26"]
[EventDate "2016.08.??"]

1. d4 Nf6 2. Nf3 e6 3. g3 b6 4. Bg2 Bb7 5. O-O Be7 6. c4 O-O 7. Nc3 Ne4 8. Nxe4
Bxe4 9. Ne1 Bxg2 10. Nxg2 d5 11. Qa4 dxc4 12. Qxc4 c5 13. Be3 cxd4 1/2-1/2

[Event "Brno Open FIDE"]
[Site "?"]
[Date "2016.08.25"]
[Round "6"]
[White "Dambrauskas, Virginijus"]
[Black "Chudinovskis, Alexander"]
[Result "1-0"]
[WhiteElo "2243"]
[BlackElo "2258"]
[PlyCount "101"]
[EventDate "2016.08.??"]

1. d4 Nf6 2. Nf3 d5 3. c4 e6 4. Bg5 Be7 5. Nc3 O-O 6. e3 Nbd7 7. cxd5 Nxd5 8.
Bxe7 Nxe7 9. Bd3 c5 10. Qc2 g6 11. O-O cxd4 12. Nxd4 Nc5 13. Be2 Bd7 14. b4 Na6
15. Qb2 Qb6 16. Ne4 f5 17. Bxa6 bxa6 18. Nc5 Rad8 19. Qb3 Nd5 20. Rfc1 Bc8 21.
Ncxe6 Bxe6 22. Rc6 Qxb4 23. Nxe6 Qxb3 24. axb3 Rc8 25. Raxa6 Nb4 26. Rxc8 Rxc8
27. Ra1 Rc2 28. h4 a6 29. Nd4 Rb2 30. Rc1 Nd3 31. Rc2 Rb1+ 32. Kh2 f4 33. exf4
Nxf4 34. Kg3 Rd1 35. Rc8+ Kg7 36. Rc7+ Kh6 37. Nf3 Nh5+ 38. Kh2 Rd3 39. Ng5 Nf6
40. f3 Rd7 41. Rxd7 Nxd7 42. Ne6 Ne5 43. f4 Nd3 44. g4 g5 45. f5 gxh4 46. Kh3
Ne5 47. Kxh4 Nf3+ 48. Kg3 Ne5 49. b4 a5 50. bxa5 Nxg4 51. a6 1-0

[Event "Brno Open FIDE"]
[Site "?"]
[Date "2016.08.25"]
[Round "6"]
[White "Tikovsky, Alexandr"]
[Black "Skacelik, Petr"]
[Result "1/2-1/2"]
[WhiteElo "2181"]
[BlackElo "2157"]
[PlyCount "107"]
[EventDate "2016.08.??"]

1. d4 Nf6 2. Bf4 g6 3. e3 Bg7 4. Nf3 d6 5. Be2 O-O 6. O-O Nc6 7. h3 Nd7 8. c4
e5 9. Bh2 Qe7 10. Nc3 f5 11. Rb1 g5 12. Nd5 Qd8 13. Nxg5 Qxg5 14. Nxc7 Rb8 15.
Ne6 Qe7 16. Nxf8 Nxf8 17. dxe5 dxe5 18. Qc2 Be6 19. a3 Rc8 20. b4 Ng6 21. Qa4
b6 22. c5 bxc5 23. bxc5 Qf7 24. Qa6 Rc7 25. Rfd1 Bf8 26. Bf3 Bc4 27. Qa4 Nge7
28. Rd6 e4 29. Bd1 Kh8 30. Rc1 Ba2 31. Rd2 Rb7 32. Qa6 Rb1 33. Rxb1 Bxb1 34.
Ba4 Bd3 35. Bb5 Qd5 36. Bxd3 exd3 37. Bd6 Ne5 38. Bxe5+ Qxe5 39. Rxd3 Qxc5 40.
Qf6+ Kg8 41. Qe6+ Kg7 42. a4 Qa5 43. Rd7 Qxa4 44. Rxe7+ Bxe7 45. Qxe7+ Kg6 46.
h4 Qa5 47. Qg5+ Kf7 48. Kh2 Qe5+ 49. g3 a5 50. Qd8 Qb5 51. Qc7+ Kg6 52. h5+
Kxh5 53. Qxh7+ Kg4 54. Qh3+ 1/2-1/2

[Event "Brno Open FIDE"]
[Site "?"]
[Date "2016.08.25"]
[Round "6"]
[White "Meszaros, Ludek"]
[Black "Rehurek, Lukas"]
[Result "1-0"]
[WhiteElo "2128"]
[BlackElo "2180"]
[PlyCount "57"]
[EventDate "2016.08.??"]

1. Nf3 Nf6 2. g3 c5 3. Bg2 d5 4. O-O Nc6 5. d3 g6 6. Nc3 d4 7. Na4 Qd6 8. c4
Bg7 9. a3 e5 10. b4 Nd7 11. bxc5 Nxc5 12. Nxc5 Qxc5 13. a4 Bd7 14. Ba3 Qa5 15.
Nd2 Bf8 16. Ne4 O-O-O 17. Qb3 Qc7 18. Nf6 Na5 19. Qb2 Bxa3 20. Qxa3 Bc6 21. Nd5
Bxd5 22. Bxd5 Rhe8 23. Rab1 Rd7 24. Rb5 Kd8 25. Rfb1 b6 26. Bf3 Nb7 27. Bxb7
Qxb7 28. c5 Re6 29. a5 1-0

[Event "Brno Open FIDE"]
[Site "?"]
[Date "2016.08.25"]
[Round "6"]
[White "Pokorny, Petr"]
[Black "Fojtik, Tomas"]
[Result "1-0"]
[WhiteElo "2176"]
[BlackElo "2061"]
[PlyCount "45"]
[EventDate "2016.08.??"]

1. d4 Nf6 2. Nf3 c5 3. d5 g6 4. Nc3 Bg7 5. e4 d6 6. Bc4 O-O 7. O-O Nbd7 8. a4
Ne8 9. Bf4 Ne5 10. Nxe5 Bxe5 11. Qd2 Bg7 12. Bh6 Qb6 13. Bxg7 Kxg7 14. h3 Bd7
15. Rae1 e5 16. dxe6 fxe6 17. Re3 e5 18. Nd5 Qd8 19. f4 Bc6 20. Qc3 Bxd5 21.
exd5 Nc7 22. fxe5 Rxf1+ 23. Kxf1 1-0

[Event "Brno Open FIDE"]
[Site "?"]
[Date "2016.08.25"]
[Round "6"]
[White "Dvorak, Adam"]
[Black "Popper, Tomas"]
[Result "1/2-1/2"]
[WhiteElo "2211"]
[BlackElo "2043"]
[PlyCount "31"]
[EventDate "2016.08.??"]

1. b3 e5 2. Bb2 d6 3. g3 f5 4. Bg2 Nf6 5. d3 Be7 6. Nd2 O-O 7. c4 Nc6 8. Qc2
Kh8 9. Ngf3 a5 10. h4 Ng4 11. h5 Bf6 12. Nh2 Nd4 13. Bxd4 Nxh2 14. Rxh2 exd4
15. Nf3 Qe7 16. O-O-O 1/2-1/2

[Event "Brno Open FIDE"]
[Site "?"]
[Date "2016.08.25"]
[Round "6"]
[White "Tsenov, Tsvetoslav"]
[Black "Stanek, Stanislav"]
[Result "1-0"]
[WhiteElo "2148"]
[BlackElo "1999"]
[PlyCount "79"]
[EventDate "2016.08.??"]

1. e4 e5 2. Nf3 d6 3. d4 Qe7 4. Nc3 c6 5. Bd3 Bg4 6. Be3 Nd7 {(R)} 7. d5 c5 8.
Nb5 Qd8 9. a4 a6 10. Na3 Be7 11. Qd2 h6 12. Ng1 Nf8 13. h3 Bd7 14. a5 Bg5 15.
Nc4 Bxe3 16. Qxe3 Qc7 17. Nb6 Rd8 18. Qg3 Ng6 19. h4 h5 20. Ne2 Nf6 21. O-O Rh6
22. Qg5 Kf8 23. f4 Bg4 24. f5 Bxe2 25. Bxe2 Nf4 26. Bf3 Ng4 27. Bxg4 f6 28.
Qxh6 gxh6 29. Bf3 Qg7 30. Kh2 Ke7 31. g3 Rg8 32. Rg1 Ng6 33. fxg6 Qxg6 34. Nc4
f5 35. Ne3 fxe4 36. Be2 Rf8 37. Raf1 Rb8 38. Rf5 b6 39. Bxh5 Qg8 40. Rgf1 1-0